[Event "CRO-chT2 East"]
[Site "Osijek"]
[Date "2010.10.16"]
[Round "7.65"]
[White "Ozanic, Marijan"]
[Black "Lendvaj, Ivan"]
[Result "1/2-1/2"]
[WhiteElo "2140"]
[BlackElo "2039"]
[PlyCount "37"]
[EventDate "2010.04.17"]
[EventType "team-tourn"]
[EventRounds "11"]
[EventCountry "CRO"]
[SourceTitle "EXT 2012"]
[Source "ChessBase"]
[SourceDate "2011.11.24"]
[SourceVersion "1"]
[SourceVersionDate "2011.11.24"]
[SourceQuality "1"]

1. e4 c5 2. Nf3 Nc6 3. Bb5 d6 4. 0-0 Bd7 5. c3 a6 6. Bxc6 Bxc6 7. Re1 g6 8. d4 cxd4 9. cxd4 Bg7 10. d5 Bd7 11. a4 Nf6 12. Nc3 0-0 13. Be3 Qa5 14. Qb3 Qc7 15. Bb6 Qb8 16. a5 Rc8 17. h3 Ne8 18. Rad1 Nc7 19. Nd4 1/2-1/2